Countries Bordering China - Statistics

General Stats
  • This quiz has been taken 35 times
  • The average score is 9 of 14
Answer Stats
length country % Correct
4,677 km Mongolia
96%
4,250 km Russia
93%
3,380 km India
86%
1,236 km Nepal
82%
423 km Laos
75%
1,416 km North Korea
75%
1,281 km Vietnam
71%
523 km Pakistan
64%
2,185 km Myanmar
57%
470 km Bhutan
54%
414 km Tajikistan
54%
1,533 km Kazakhstan
50%
76 km Afghanistan
46%
858 km Kyrgyzstan
36%
No matching quizzes found
Score Distribution
Percent of People with Each Score
Percentile by Number Answered
Your Score History
You have not taken this quiz